[Event "FRA-ch59 Championat"]
[Site "Ales"]
[Date "1984.08.22"]
[Round "9.3"]
[White "Manouck, Thierry"]
[Black "Andruet, Gilles"]
[Result "1/2-1/2"]
[WhiteElo "2340"]
[BlackElo "2420"]
[Annotator "Primel,D"]
[PlyCount "115"]
[EventDate "1984.08.12"]
[EventType "swiss"]
[EventRounds "13"]
[EventCountry "FRA"]
[SourceTitle "EXT 2004"]
[Source "ChessBase"]
[SourceDate "2003.11.25"]
[SourceVersion "1"]
[SourceVersionDate "2003.11.25"]
[SourceQuality "1"]

1. c4 e6 2. Nf3 Nf6 3. g3 c5 4. Bg2 d5 5. b3 {Comme d'habitude, Thierry
Manouck qui a obtenu son titre de MI quelques mois plus tard, choisit une
variante trés solide avec comme option la possibilité de transposer dans une
Catalane en poussant d4.} (5. O-O) 5... Nc6 6. e3 (6. O-O) 6... Be7 7. O-O O-O
8. Qe2 b6 9. Bb2 Bb7 10. Nc3 dxc4 $6 (10... Rc8 $142 {Plus naturel que
l'abandon du centre par dc4} 11. d3 Rc7 {[%cal Gd8a8,Gc7d7]} 12. Rfd1 Rd7 13.
cxd5 Nxd5 14. Nxd5 Rxd5 $11) 11. bxc4 Qc7 (11... Rc8) 12. Rfd1 a6 13. Rab1 $5 {
[%csl Rb6][%cal Gb2a1] Le début d'un plan intéressant avec Ba1 et pression sur
le Pb6} Rab8 14. Ba1 Na7 $1 $146 {Une amélioration sur la partie Tal-Petrossian
} ({RR} 14... Na5 15. d3 Nd7 16. Qc2 Rfe8 17. Rd2 Bf6 18. Bb2 Ba8 19. Ba1 Bb7 {
1/2-1/2 Tal,M (2645)-Petrosian,T (2645)/Riga 1975/MCD}) (14... Rfd8) 15. a4 (
15. d3) 15... Nd7 16. d3 Bf6 17. Nd2 Bxg2 18. Kxg2 Rfd8 19. Nde4 Be7 20. h4 $14
Nc8 {[%cal Gc8b6,Gc8d6]} 21. f4 Nd6 {Un peu douteux puisque conformément au
principe de la pièce surperflue exposée par Dvoretsky, les deux N des blancs
luttent pour les mêmes cases et de fait, ils se gênent un peu. En conséquence,
l'échange avantage Manouck.} 22. Nxd6 $1 Bxd6 23. Kh3 $1 {[%cal Gg3g4]} (23.
Ne4 $5) 23... Nf6 24. g4 Ne8 25. g5 Qd7 26. Qf3 g6 27. Kg2 Bf8 28. h5 {[%cal
Gd1h1]} Bg7 29. hxg6 hxg6 30. Qh3 e5 $2 31. Qxd7 Rxd7 32. fxe5 $2 (32. Ne4 $1 {
[%cal Gb1b8,Ge4c5]} exf4 33. Bxg7 Kxg7 34. Nxc5 $1 $16) 32... Bxe5 33. d4 {
Les blancs se débarassent de la faiblesse "d3" mais Nd5 était probablement
meilleur car les pièces blanches sont plus actives.} (33. Nd5 $142 $1 Bxa1 34.
Rxa1 b5 35. axb5 axb5 {la grande différence avec la partie est l'ouverture de
la colonne "a" pour la R mais surtout le Nd5 est soutenu par un P} 36. Ra5 (36.
Rdb1 {[%cal Gb1b8]} Kg7 (36... b4 37. Ra5) 37. e4) 36... Kg7 37. Rb1 Nd6 38.
Ra6 $14 {[%cal Ga6c6]}) 33... cxd4 34. Nd5 b5 $1 35. exd4 $2 (35. Bxd4 $143
bxc4 $6 36. Rxb8 Bxb8 37. e4 $16 {[%cal Gd1h1,Gh1h8,Gd5f6] Le K d'Andruet est
dans un réseau de mat malgre le nombre réduit de pièces.} f5 $8 38. gxf6) 35...
bxc4 $1 {[%cal Gd7d5]} 36. dxe5 (36. Rxb8 Bxb8) 36... Rxb1 37. Rxb1 Rxd5 38.
Rb8 Kf8 39. Rc8 Ke7 40. Rxc4 Kd7 41. Kf3 {Ajournement} Nc7 {[%cal Gc7e6]} 42.
Ke4 Rd2 43. Bd4 Rh2 44. Be3 Ne6 45. Kd5 Re2 46. Rc3 Ra2 47. Rc4 Re2 48. Rc3 Ra2
49. Rc4 Ra3 50. Ke4 Rb3 51. Bc1 Rb6 52. Bd2 Rb2 53. Be3 Rb1 54. Bc1 Rb8 55. Be3
Rb7 56. Kd5 Rb3 57. Ke4 Rb2 58. Kd5 {[%mdl 8]} 1/2-1/2

[Event "FRA-ch 57 Championnat"]
[Site "Schiltigheim"]
[Date "1982.08.21"]
[Round "6"]
[White "Manouck, Thierry"]
[Black "Giffard, Nicolas"]
[Result "0-1"]
[WhiteElo "2405"]
[BlackElo "2345"]
[Annotator "Primel,D"]
[PlyCount "80"]
[EventDate "1982.08.16"]
[EventType "swiss"]
[EventRounds "13"]
[EventCountry "FRA"]
[SourceTitle "EXT 2004"]
[Source "ChessBase"]
[SourceDate "2003.11.25"]
[SourceVersion "1"]
[SourceVersionDate "2003.11.25"]
[SourceQuality "1"]

1. c4 Nf6 2. g3 e6 3. Nf3 d5 4. b3 {Manouck aime les ouvertures lentes.} Be7 5.
Bg2 O-O 6. O-O b6 7. Bb2 Bb7 8. e3 $5 {[%cal Gd1e2] Une idée de Botvinnik pour
faire pression sur le centre par Qe2 et Rfd1 ou même Rad1 mais au détriment
d'un affaiblissement de la case "f3" qui sera ensuite exploitée par les noirs.
Cette variante a été utilisée par Kasparov pour remporter la 24ème et dernière
partie du match du Championnat du Monde en 1987.} (8. cxd5 exd5 9. d4) (8. d4
Nbd7 9. Ne5 $14) 8... c5 (8... Nbd7 {Botvinnik,M-Stahlberg,G Alekhine mem 1956
1-0}) 9. Qe2 Nbd7 10. Rd1 Re8 $146 {[%cal Ge7f8,Gg7g6,Gf8g7] Une nouveauté
mais c'est plutôt une interversion de coups car les noirs jouent généralement
Qc7 avant Re8} ({RR} 10... Bd6 11. Nc3 Qe7 12. cxd5 exd5 13. d4 Ne4 14. Nxd5
Bxd5 15. dxc5 Bxc5 16. Rxd5 Ndf6 17. Re5 Qc7 18. Nd2 Nxd2 19. Bxa8 Nxb3 20. Rg5
Be7 21. axb3 h6 22. Rc1 Qd6 23. Rd1 Qc7 24. Rxg7+ Kxg7 25. Qg4+ {Lukov,
V-Prodanov,B/Varna 1980/EXT 2005/1-0}) (10... Qc7 11. Nc3 Rac8 (11... Rfe8) 12.
Rac1 Qb8 13. cxd5 (13. d3 Rfd8 14. e4) 13... Nxd5 14. Nxd5 $1 {[%cal Ge3e4]}
Bxd5 15. e4 Bb7 16. d4 cxd4 17. Nxd4 $14 {les blancs ont un avantage d'espace
et des pièces plus actives mais des échanges sur la colonne "c" devraient
permettre d'égaliser.}) 11. Nc3 Qc7 (11... Rc8 12. Rac1 Qc7 13. cxd5 Nxd5 (
13... exd5 14. Nh4 {[%cal Gh4f5,Gf5e7]})) 12. Rac1 {[%cal Gc4d5,Gc1c7]} Rad8
13. cxd5 exd5 14. d4 (14. Nh4 Qb8 15. Nf5 Bf8 16. d4 $11) 14... Qb8 $1 15. Rc2
{Anticipe la formation des pions pendants.} a6 16. dxc5 (16. Ne5 $142 $5) 16...
bxc5 17. Na4 {[%cal Ga4c5] Un coup logique pour faire pression sur "c5" mais
le N va rester а la bande pendant presque tout le reste de la partie.} (17. Nh4
{[%cal Gh4f5]} d4) 17... d4 $1 {[%cal Gb8a8,Gb7g2] Un joli sacrifice de
dégagement de la case "d5" pour gagner le contrôle de la grande diagonale.} (
17... Ne4 {[%cal Ge4c5]}) 18. exd4 Qa8 $1 $132 {[%cal Ge7f8,Ge8e2] La
conception hypermoderne du contrôle du centre} 19. Ne1 Bxg2 (19... cxd4 $143
20. Bxb7 Qxb7 21. Qf3 $1) 20. Nxg2 cxd4 21. Nh4 {[%csl Gf5]} (21. Bxd4 Bc5 {
[%cal Ge8e2]} 22. Ne3 (22. Qf1 Bxd4 23. Rxd4 Ne5 24. Rxd8 Nf3+ 25. Kh1 Rxd8 $36
{[%cal Ga8h1]}) 22... Bxd4 23. Rxd4 Ne5 {[%csl Rf3]} 24. Rf4 {L'activité des
pièces noires et l'affaiblissement de la case "f3" donnennt assez de
compensations aux noirs.}) 21... Ne4 {[%cal Ge7h4]} 22. Nf3 (22. Nf5 $5 Bg5)
22... Ng5 $1 $40 {Les cases blanches sont trés affaiblies} 23. Nxg5 Bxg5 24.
Qh5 $2 (24. Qf1) 24... Bf6 $2 (24... Ne5 $40 {[%csl Rf3]} 25. f4 Nf3+ 26. Kf2
d3) 25. f4 {[%csl Ge5]} d3 $1 {Un thème étonnant de la partie est le fait que
les pièces lourdes des noirs exercent une forte pression tout en restant sur
la 8ème rangée} 26. Rf2 (26. Rxd3 $4 Re1+ 27. Kf2 Qh1 $19) 26... Bxb2 27. Nxb2
(27. Rxb2 $2 Nf6) 27... Nf6 {[%cal Gf6h5]} 28. Qf3 Ne4 29. Rff1 Qa7+ 30. Kg2 d2
31. Nc4 Qd4 32. g4 (32. Ne5) 32... Rc8 33. Kh3 a5 (33... Rc6 $5 {[%cal Gc6h6]})
34. Qg2 Red8 35. Rf3 a4 36. Qf1 axb3 37. axb3 h5 $1 38. gxh5 Qd5 39. Qe2 $4
Qxh5+ 40. Kg2 Nc3 {[%mdl 512] N.GIFFARD renforce sa 1ère place avec ce gain а
6ème ronde tout en battant un autre candidat au titre.} 0-1

[Event "Cappelle op 31st"]
[Site "Cappelle la Grande"]
[Date "2015.03.03"]
[Round "5"]
[White "Libiszewski, Fabien"]
[Black "Vidit, Santosh Gujrathi"]
[Result "1/2-1/2"]
[WhiteElo "2518"]
[BlackElo "2617"]
[Annotator "RR"]
[PlyCount "74"]
[EventDate "2015.02.28"]
[EventType "swiss"]
[EventRounds "9"]
[EventCountry "FRA"]
[SourceTitle "EXT 2016"]
[Source "ChessBase"]
[SourceDate "2015.10.08"]
[SourceVersion "1"]
[SourceVersionDate "2015.10.08"]
[SourceQuality "1"]

1. Nf3 Nf6 2. c4 e6 3. g3 d5 4. Bg2 Be7 5. O-O O-O 6. b3 (6. d4 {Transpose
dans une Catalane}) 6... b6 7. Bb2 Bb7 8. e3 {[%cal Gd1e2,Gf1d1]} Nbd7 9. Nc3
Nc5 10. d4 (10. Ne5 $5 {[%cal Gg2b7]} dxc4 11. Bxb7 Nxb7 12. bxc4 Na5 13. Qe2
Qc8 {[%cal Gc8a6]} 14. f4 c5 {Dizdar,G (2495)-Jussupow,A (2655) Bundesliga
9192 1991 [2] 1/2} (14... Qa6 $5 {[%cal Gf8d8]})) 10... Nce4 11. Rc1 $146 (11.
Nxe4 Nxe4 12. Qe2 a5 13. a4 Bb4 14. Ne5 f5 15. Rfd1 Qe7 16. Rac1 Bd6 17. Nd3 c6
18. Qe1 Rfb8 19. Rc2 Nf6 20. Rdc1 Ba6 21. Bf1 Nd7 22. f3 c5 23. Bg2 Bb7 24. Re2
Nf6 25. cxd5 Ba6 26. Rd2 Bxd3 27. Rxd3 Nxd5 28. e4 Nb4 29. Rdd1 cxd4 30. Bxd4
e5 31. Bf2 f4 32. Qe2 Rc8 33. Bh3 Rxc1 34. Rxc1 Rb8 35. Qc4+ Kf8 36. Kg2 Bc5
37. Bxc5 bxc5 38. Qxc5 Nd3 39. Qxe7+ Kxe7 40. Rc3 Rd8 {Li,C (2693)-Rozentalis,
E (2592) Queenstown 2012 1-0 (70)}) 11... dxc4 12. bxc4 c5 13. Ne2 Rc8 14. Ne5
$1 {[%cal Gg2b7]} Qc7 15. Nf4 Rfd8 16. Qe2 Bd6 17. Rfd1 $14 h6 18. h4 Qe7 19.
Bh3 Rc7 (19... cxd4 20. exd4 Bxe5 21. dxe5 Nd7 $132 {[%cal Gd7c5]}) 20. Nxf7 $1
Kxf7 21. Bxe6+ Qxe6 22. Nxe6 Kxe6 23. dxc5 $6 (23. d5+ $142 {[%csl Gb2]} Kf7
24. g4 $36 {[%cal Gg4g5]}) 23... Rxc5 24. Ba3 Rf5 $132 {[%csl Ge4,Rf2]} 25.
Bxd6 Rxf2 26. Qe1 Rxd6 27. Rxd6+ Kxd6 28. Qb4+ Ke6 29. c5 Rf3 30. c6 Rxg3+ 31.
Kh1 Rh3+ 32. Kg2 Rg3+ 33. Kh1 Bc8 34. Qf8 Rh3+ 35. Kg2 Rg3+ 36. Kh1 Rh3+ 37.
Kg2 Rg3+ 1/2-1/2

[Event "Vandoeuvre op 11th"]
[Site "Vandoeuvre"]
[Date "2014.12.29"]
[Round "8"]
[White "Cornette, Matthieu"]
[Black "Gharamian, Tigran"]
[Result "1/2-1/2"]
[WhiteElo "2451"]
[BlackElo "2669"]
[Annotator "RR"]
[PlyCount "65"]
[EventDate "2014.12.26"]
[EventType "swiss"]
[EventRounds "9"]
[EventCountry "FRA"]
[SourceTitle "EXT 2017"]
[Source "ChessBase"]
[SourceDate "2016.10.25"]
[SourceVersion "1"]
[SourceVersionDate "2016.10.25"]
[SourceQuality "1"]

1. Nf3 {90} Nf6 2. c4 e6 3. g3 d5 4. Bg2 Be7 5. O-O O-O 6. b3 (6. d4 {
Transpose dans une Catalane}) 6... c5 (6... a5) 7. Bb2 Nc6 {[%cal Gd5d4]} 8. e3
{[%cal Gd1e2]} d4 (8... b6 {La grande ligne} 9. Qe2 (9. Nc3)) 9. exd4 {Joué
dans l'esprit d'une Benoni en premier mais le tempo supplementaire n'est pas
toujours un avantage.} cxd4 10. Re1 Ne8 {86} 11. Ne5 (11. d3) 11... Nxe5 12.
Rxe5 f6 13. Re1 e5 14. d3 (14. Ba3 Bxa3 15. Nxa3 Nc7 16. Rc1 $14 {Stopa,J 
(2482)-David,A (2553) Rethymno op 6th 2014 (4) 1-0}) 14... Nc7 15. a3 {[%cal
Gb3b4]} a5 {79} 16. Bc1 $146 {[%cal Gf2f4,Gc1f4]} (16. Nd2 {Dizdar,G (2470)
-Todorovic,G (2415) YUG-ch Kladovo 1990 1-0}) 16... Kh8 17. f4 exf4 18. Bxf4
Ne6 19. Ra2 Nxf4 {72 Les Noirs continuent de jouer rapidement} 20. gxf4 Bd6 21.
Qf3 Qc7 $132 22. Rf2 g5 $5 {Après 20 mns de réflexion, le TOP GMI choisit de
tenter d'activer la paire de B par ce coup agressif} 23. fxg5 Bxh2+ 24. Kh1 Bg3
25. gxf6 Bxf2 26. Re7 $1 Qc5 27. Qxf2 Qh5+ 28. Kg1 Ra6 $17 29. Qxd4 Qh6 30. Kf2
Qh5 31. Kg1 Qh6 32. Kf2 Qh5 33. Kg1 1/2-1/2

[Event "POL-chT 66th"]
[Site "Katowice"]
[Date "2010.09.05"]
[Round "2"]
[White "Hera, Imre Jr"]
[Black "Kravtsiv, Martyn"]
[Result "1/2-1/2"]
[WhiteElo "2586"]
[BlackElo "2559"]
[Annotator "RR"]
[PlyCount "71"]
[EventDate "2010.09.04"]
[EventType "team-tourn"]
[EventRounds "9"]
[EventCountry "POL"]
[SourceTitle "EXT 2016"]
[Source "ChessBase"]
[SourceDate "2015.10.08"]
[SourceVersion "1"]
[SourceVersionDate "2015.10.08"]
[SourceQuality "1"]
[WhiteTeam "Szkola Grudziadz"]
[BlackTeam "Prokonex"]
[WhiteTeamCountry "POL"]
[BlackTeamCountry "POL"]

1. Nf3 Nf6 2. c4 e6 3. g3 d5 4. Bg2 Be7 5. O-O O-O 6. b3 (6. d4 {Transpose
dans une Catalane}) 6... b6 7. Bb2 Bb7 8. e3 {[%cal Gd1e2,Gf1d1]} Nbd7 9. Nc3
c5 10. Qe2 (10. d3) 10... Rc8 11. Rac1 Re8 12. Rfd1 (12. Nd1 Bf8 13. cxd5 exd5
14. d4 cxd4 15. Nxd4 Rxc1 16. Bxc1 {1/2-1/2 (16) Iturrizaga Bonelli,E (2655)
-Bruzon Batista,L (2707) Cochabamba 2013}) 12... Qc7 13. cxd5 Nxd5 (13... exd5
14. d4 Qb8 15. Ne5 $14 {Szymczak,Z-Maciejewski,A POL-ch 31th Zielona Gora 1974
(17) 1/2}) 14. Nxd5 Bxd5 15. e4 Bb7 16. d4 Qb8 17. dxc5 $146 (17. h4 cxd4 18.
Nxd4 Rxc1 19. Rxc1 Bf6 20. Nb5 Bxb2 21. Qxb2 Nc5 22. Qe2 Rd8 23. b4 Nd3 24. Rc4
a6 25. Nc7 b5 26. Rc3 Nxb4 27. a3 Nc6 28. Nxa6 Nd4 29. Qg4 Bxa6 30. Rc5 e5 31.
h5 Bc8 32. Qg5 f6 33. Qe3 Qd6 34. Rc3 Be6 35. Kh2 Rc8 36. Rxc8+ Bxc8 37. Qc3
Bd7 38. Qa5 Kf7 39. Qd8 Qe7 40. Qb8 h6 41. Bf1 Qe8 42. Qc7 Kg8 43. Bd3 Qxh5+
44. Kg1 Qd1+ 45. Kg2 Qf3+ 46. Kg1 Qxd3 {Drazic,S (2493)-Humeau,C (2159) Bastia
2007 0-1 (62)}) 17... Nxc5 18. Ne5 f6 19. Nc4 Rcd8 20. e5 f5 21. Bxb7 (21. Nd6
$5 Bxg2 22. Kxg2 Bxd6 23. exd6 Rxd6 24. Be5 Qb7+ 25. f3 Rxd1 26. Rxd1 Nd7 27.
Bb2 $44 {[%csl Gb2][%cal Gb2g7]}) 21... Nxb7 22. a3 Rxd1+ 23. Rxd1 Rd8 24. b4
Rxd1+ 25. Qxd1 Qc7 26. Qb3 Qd7 27. Ne3 Kf8 28. Nc2 Qd1+ 29. Kg2 Nd8 30. Nd4
Qxb3 31. Nxb3 Ke8 32. b5 Kd7 33. f4 Nb7 34. Kf3 Nc5 35. Nxc5+ Bxc5 36. h4
1/2-1/2

[Event "Sautron op 15th"]
[Site "Sautron"]
[Date "2015.10.24"]
[Round "3.4"]
[White "Bailet, Pierre"]
[Black "Stany, George Anthony"]
[Result "1/2-1/2"]
[WhiteElo "2515"]
[BlackElo "2385"]
[Annotator "RR"]
[PlyCount "89"]
[EventDate "2015.10.24"]
[EventType "swiss"]
[EventRounds "9"]
[EventCountry "FRA"]
[SourceTitle "CBM 169 Extra"]
[Source "ChessBase"]
[SourceDate "2015.12.18"]
[SourceVersion "1"]
[SourceVersionDate "2015.12.18"]
[SourceQuality "1"]
[TimeControl "40/5400+30:1800+30"]
[WhiteClock "0:31:19"]
[BlackClock "0:31:48"]

1. Nf3 {[%emt 0:00:00]} Nf6 {[%emt 0:00:00]} 2. g3 {[%emt 0:00:00]} b6 {
[%emt 0:01:46]} 3. Bg2 {[%emt 0:00:09]} Bb7 {[%emt 0:00:04]} 4. O-O {[%emt 0:
00:31]} c5 {[%emt 0:00:13]} 5. c4 {[%emt 0:01:55]} e6 {[%emt 0:02:47]} 6. b3 $5
{[%emt 0:02:46] Une ligne souple mais pas très ambitieuse} (6. Nc3) (6. d4
cxd4 7. Qxd4) 6... Be7 {[%emt 0:00:32]} 7. Bb2 {[%emt 0:00:10]} O-O {[%emt 0:
00:06]} 8. Nc3 {[%emt 0:03:03]} d5 {[%emt 0:05:12][%cal Gd5d4]} (8... d6) (8...
a6) 9. e3 {[%emt 0:15:11]} (9. cxd5 Nxd5 10. d4) 9... dxc4 {[%emt 0:12:35]} 10.
bxc4 {[%emt 0:00:10]} Nc6 {[%emt 0:00:03]} 11. Qe2 {[%emt 0:02:52]} (11. d3)
11... Nb4 {[%emt 0:02:38] Une ligne secondaire} (11... Rc8 12. Rfd1 (12. d3)) (
11... Qc7 12. Rfd1 (12. Nb5)) 12. d4 $1 {[%emt 0:06:29]} cxd4 {[%emt 0:01:03]}
13. exd4 {[%emt 0:00:13]} Rc8 {[%emt 0:02:23]} 14. Rfd1 $14 {[%emt 0:03:05]}
Ba6 $5 {[%emt 0:24:51][%csl Rc4] Après une longue reflexion , l'indien
décide de faire pression sur les P pendants} (14... Re8 15. Rac1 (15. a3 Nc6
16. Ne5) 15... Bf8 16. a3 Nc6 17. Ne5 a6 18. Ne4 Nxe4 19. Bxe4 Re7 20. Qc2 h6
21. Nxc6 Bxc6 22. Bxc6 Rxc6 23. Qa4 Qa8 24. d5 exd5 25. cxd5 Rxc1 26. Bxc1 b5
27. Qg4 Qe8 28. Be3 Re4 29. Qf5 Bd6 30. Rc1 g6 31. Qh3 Rc4 32. Rxc4 bxc4 33.
Qxh6 Qe5 34. Qh3 Qxd5 35. Qc8+ Kg7 36. Qxa6 c3 37. Qa4 Be5 38. Qc2 Qb7 39. Bc1
Bf6 40. a4 Qd5 41. h4 Bd4 42. Bf4 Bf6 43. Be3 Qb7 44. Bc1 {Ahmadinia,E (2381)
-Stupak,K (2495) Izmir 2013 1-0}) 15. Ne5 {[%emt 0:02:03]} Nfd5 {[%emt 0:00:50]
} 16. Nxd5 $146 {[%emt 0:11:04]} (16. Nb5 Bxb5 17. cxb5 Nc3 18. Bxc3 Rxc3 19.
a3 Nc2 20. Qd2 Rxa3 21. Qxc2 Rxa1 22. Rxa1 Qxd4 23. Re1 Qb4 24. Qb1 Qa4 25. Rd1
a6 26. Bf1 axb5 27. Bxb5 Qa7 28. Rd3 Qa8 29. Nd7 Rd8 30. Nxb6 Qb7 31. Rxd8+
Bxd8 32. Nc4 Be7 33. Ne5 Bc5 34. Qd3 Qc7 35. Qe4 g6 36. Bc4 Kg7 37. Kg2 Bd6 38.
f4 h5 39. Nf3 Kf8 40. Ng5 Qe7 41. Bxe6 {1-0 (41) Rebers,E (2325)-Van Wessel,R 
(2352) Leiden 2002}) 16... Nxd5 {[%emt 0:05:28]} 17. Rac1 {[%emt 0:00:57]} Bd6
{[%emt 0:05:33]} 18. Qf3 $1 {[%emt 0:09:11][%cal Gc4d5]} Bxe5 {[%emt 0:13:06]}
19. cxd5 {[%emt 0:00:13]} Bd6 {[%emt 0:08:45]} 20. dxe6 {[%emt 0:02:22]} fxe6 {
[%emt 0:00:02]} 21. Qe3 {[%emt 0:00:09]} (21. Qb3 $5 {[%csl Re6]}) 21... Qf6 {
[%emt 0:01:02]} 22. Ba1 {[%emt 0:07:21]} Qe7 {[%emt 0:07:31]} 23. Bh3 {[%emt 0:
02:46]} Rfe8 {[%emt 0:00:50]} 24. Re1 {[%emt 0:02:36]} (24. Rxc8 Bxc8) 24...
Bc4 {[%emt 0:00:01]} 25. Rxc4 $1 {[%emt 0:13:28]} Rxc4 {[%emt 0:00:02]} 26. Qb3
{[%emt 0:00:03][%csl Re6]} Qc7 $1 {[%emt 0:02:11] Un coup simple mais bon} 27.
Rxe6 {[%emt 0:03:22]} Rc1+ {[%emt 0:00:13]} 28. Kg2 {[%emt 0:00:03]} Qb7+ {
[%emt 0:02:04]} 29. d5 {[%emt 0:01:26]} Rxe6 {[%emt 0:00:40]} 30. Bxe6+ {
[%emt 0:00:03]} Kh8 {[%emt 0:00:03]} 31. Bd4 {[%emt 0:01:37]} Re1 $132 {
[%emt 0:00:34][%cal Ge1e6,Gb7g2]} 32. Qf3 {[%emt 0:00:39]} Qe7 {[%emt 0:01:15]}
33. Bc3 {[%emt 0:02:59]} Rc1 {[%emt 0:00:18]} 34. h4 {[%emt 0:03:31]} Bc5 {
[%emt 0:00:58][%cal Gc1c2]} 35. Bf5 {[%emt 0:01:22]} Qf7 {[%emt 0:00:52]} 36.
Bb2 {[%emt 0:01:33]} Rc4 {[%emt 0:00:22]} 37. Qd3 {[%emt 0:00:46]} Rd4 $1 {
[%emt 0:00:49] La pointe} 38. Bxd4 {[%emt 0:00:29]} Qxd5+ {[%emt 0:00:02]} 39.
Be4 {[%emt 0:01:01]} Qxd4 {[%emt 0:00:08]} 40. Qf3 {[%emt 0:00:00]} Qf6 {
[%emt 0:00:00]} 41. Qe2 {[%emt 0:01:58]} g6 {[%emt 0:00:43] Malgré le
matériel réduit la présence de B de couleurs opposées favorise l'attaque}
42. Bf3 {[%emt 0:00:15]} Kg7 {[%emt 0:00:22]} 43. h5 {[%emt 0:00:18]} a5 {
[%emt 0:00:32]} 44. Qd2 {[%emt 0:00:32]} Qd4 {[%emt 0:00:43]} 45. Qxd4+ 1/2-1/2